000 00483nam a2200157 a 4500
001 000026843
005 20240228130510.0
008 110303s2012 dr 000 0 spa d
020 _a9789945165029
040 _aDO-SdBNP
_bspa
_cBNPHU
100 1 _aGuerrero, Laureano,
_d1952-
_977343
245 1 0 _aMi niño lindo /
_cLaureano Guerrero.
260 _aSanto Domingo :
_bEditora Búho,
_c2012.
300 _a213 p. ;
_c23 cm.
500 _aIncluye datos biográficos del autor en la solapa
999 _c26335
_d26335